Statistics for Most Visited Countries by Croatians

Click here to take the quiz!

General Stats

  • This quiz has been taken 509 times
  • The average score is 5 of 6

Answer Stats

No.tourists Destination % Correct
289,000Italy
96%
627,000Bosnia and Herzegovina
94%
333,000Germany
94%
208,000Serbia
94%
200,000Slovenia
89%
248,000Austria
81%

Score Distribution

Percentile by Number Answered

Percent of People with Each Score

Your Score History

You have not taken this quiz